000 00608nam a2200241 i 4500
001 C2-0097500
003 PPAK
005 20180727094105.0
008 970525s1992 enk |||| ||||| | eng d
020 _a034057724X
040 _aPPAK
_beng
_cPPAK
_erda
082 0 4 _a823
_223
090 0 0 _a823
_bSTE
_dG
100 1 _aSteward, Mary,
_eauthor
245 1 0 _aStormy petrel
264 1 _aLondon :
_bCoronet Books ,
_c1992
300 _a220 pages ;
_c18 cm
336 _2rdacontent
_atext
337 _2rdamedia
_aunmediated
338 _2rdacarrier
_avolume
650 1 0 _aEnglish fiction
942 _ddc
_cB
999 _c21385
_d21385